00411 2200157 4500001002100000005001500021035002000036245003900056100002600095300001500121260003000136008004100166082001000207084001600217990002000233INLIS00000000000093420240304013646 a0010-03240000321 aKura-Kura dan Kelinci yang Sombong0 aYudhistira Ikranegara a24 :bilus aSurabaya :bCahaya Agency240304 0  a398.2 a398.2 YUD k a3190/BBTIV/2022